00177nam a2200061Ia 4500008004100000100001700041245005700058120527s9999 xx 000 0 und d aBODHOLT, Ole aConstruction and opearation of small solid wall bins